000 00602nam a2200229Ia 4500
003 OSt
005 20220924152641.0
006 a|||||r|||| 00| 0
007 ta
008 220923b |||||||| |||| 00| 0 per d
024 _a343736
037 _cTextual
040 _aARTS
_cARTS
_bper
041 _2per
_aper
082 _aV45:1.N5, 164J4
100 _aSaleemi Ali Kabeer Au.
_9227192
245 0 _aGuzarish camune milli UNESCO
260 _c1954
650 _aIRAN - HISTORY
942 _hV45:1.N5, 164J4
_cTEXL
_2CC
999 _c470592
_d470592